000
00274nam a22001097a 4500
008
170110b xxu||||| |||| 00| 0 eng d
020
_a
9780763753344
041
_a
eng
080
_2
2ND
_a
618.2
245
_a
HEALTH PROGRAM PLANNING AND EVALUATION
_c
ISSEL, L.M
942
_2
udc
_c
BK
999
_c
2652
_d
2652